| 000 | 00822nam a22002297a 4500 | ||
|---|---|---|---|
| 003 | OSt | ||
| 005 | 20230724125137.0 | ||
| 008 | 140902b xxu||||| |||| 00| 0 eng d | ||
| 022 | _a0072436X | ||
| 040 | _cWIUC | ||
| 050 | _aKRX19.A3.G34(1977 vol 1) | ||
| 245 |
_aThe Ghana law reports1977 volume 1: cases determined by the high court and the court of Appeal of the republic of Ghana / _cedited by E. Kofi Tetteh and assisted by Janet Daniels and S.Y. Bimpong-Buta |
||
| 260 |
_aAccra: _bCouncil for law reporting, _c1977. |
||
| 300 |
_axxxiii, 520p. : _c25cm. |
||
| 440 | _vVol. 1 | ||
| 500 | _aIncludes index. | ||
| 700 |
_aTetteh, E. Kofi. _9877 |
||
| 700 |
_aDaniels, Janet. _9878 |
||
| 700 |
_aBimpong-Buta, S. Y. _91005 |
||
| 800 |
_aTetteh, E. Kofi _aDaniels, Janet _aBimpong-Buta, S.Y. _92124 |
||
| 942 |
_2lcc _cBK |
||
| 999 |
_c4047 _d11547 |
||